=LDR 00000nam 2200000 4500 =001 000182 =020 $9786230999307 =082 $636.500 =100 $H. Sumarlin =245 $Pemberdayaan ekonomi desa jilid 2 =250 $Cetakan II =264 $Yogyakarta: Griya Pustaka Utama 2024 =300 $74 Halaman; 14 x 21 Cm =650 $Peternakan =905 $636.5 SUM p/II =336 $$a =337 $$a =338 $$a =005 20260702151432.0 =008 260702s2026\\\\\\\\\\\\\\\\\\\\\\\\\\\\\\\\\\\\\\\\\